1881 1702 1634 1539 1895 1638 1039 1122 1076 1539 1435 1769 1687 1452 1907 1107 1014 1588 1059 1272 1245 1060 1851 1045 1320 1046 1638 1351 1768 1225 1623 1462 1140 1287 1177 1155 1469 1707 1399 1247 1336 1476 1108 1299 1631 1551 1857 1892 1063 1198 1738 1663 1569 1526 1122 1688 1067 1432 1991 1052 1254 1875 1617 1108 1945 1922 1659 1889 1955 1196 1188 1535 1046 1432 1698 1658 1088 1062 1298 1385 1477 1926 1891 1364 1229 1923 1443 1675 1424 1527 1591 1073 1717 1384 1307 1258 1075 1920 1999 BCNSPRNW ULIB Ver.6.0+V

เปลี่ยนเป็นภาษาไทย

Change to English
 แสดงรายละเอียดบรรณานุกรม
  กลับหน้าหลัก

Brief Record : Get Marc (ISO 2709) : E-mail record : QR code < ปิดหน้าต่าง
LEADER : 00000nam 2200000uu 4500
001    13399115316
003     ULIB
008    020711s2549 th a 000 0 tha d
020    ^a9749447166
099    ^aนว.^bN11ร
100    ^anj venus
245    ^aรักครั้งนี้ สู้ไม่มีถอย : Fighting of Love /^cnj venus
260    ^aกรุงเทพฯ :^b1168 พับลิชชิ่ง,^c2549
300    ^a336 หน้า หน้า
945    ^p178^l0^i24726
999 ^a ใช้งานได้ทุกระบบ
รายการนี้ยังไม่มีแท็ก
คุณยังไม่ได้ล็อกอิน คุณสามารถมีกิจกรรมร่วมกับเว็บไซต์ได้ แต่ต้องล็อกอินก่อน ::
  ล็อกอิน

รายการสื่อสารสนเทศ

ลำดับที่ ประเภท เลขเรียก/บาร์โค้ด สถานที่ สถานะ
1. นวนิยาย
นวนิยาย
นว. N11ร ฉ.1 
  Barcode: 24726
ห้องสมุดวิทยาเขตสวรรค์ประชารักษ์
►นวนิยาย
บนชั้น
  ขอยืม

BibComment


ยังไม่เคยถูกคอมเมนท์

คอมเมนท์ทรัพยากรรายการนี้
  คอมเมนท์: รักครั้งนี้ สู้ไ..


 Copyright 2026. Bcnsprnw @Library